Flagi państw zaczynających się na literę G - Statystyki

Ogólne statystyki
  • Ten quiz został rozwiązany 21 razy
  • Średni wynik to 10 z 12
Statystyki odpowiedzi
Obrazkowy Odpowiedź % Poprawnych
Grecja
100%
Grenada
100%
Gruzja
100%
Gujana
100%
Gabon
94%
Ghana
94%
Gwatemala
94%
Gwinea
94%
Gwinea Bissau
94%
Gwinea Równikowa
94%
Gambia
82%
Francuska Gujana
0%
Nie znaleziono quizów pasujących do podanych kryteriów
Rozkład punktacji
Procent ludzi z każdym wynikiem
Percentyl według liczby udzielonych odpowiedzi
Twoja historia wyników
Nie rozwiązałeś tego quizu